The golden Goose : (Record no. 7383)

MARC details
000 -LEADER
fixed length control field 01549nam a22002777a 4500
001 - CONTROL NUMBER
control field 7383
003 - CONTROL NUMBER IDENTIFIER
control field FISKH
005 - DATE AND TIME OF LATEST TRANSACTION
control field 20250711111938.0
008 - FIXED-LENGTH DATA ELEMENTS--GENERAL INFORMATION
fixed length control field 250711b cb ||||| |||| 00| 0 eng d
020 ## - INTERNATIONAL STANDARD BOOK NUMBER
International Standard Book Number 9789833515196
040 ## - CATALOGING SOURCE
Original cataloging agency FISKH
Language of cataloging eng
Transcribing agency FISKH
Modifying agency FISKH
050 ## - LIBRARY OF CONGRESS CALL NUMBER
Classification number PZ7
082 ## - DEWEY DECIMAL CLASSIFICATION NUMBER
Classification number 398.2
100 ## - MAIN ENTRY--PERSONAL NAME
Personal name Shilpi
245 ## - TITLE STATEMENT
Title The golden Goose :
Remainder of title Popular fairy tales /
Statement of responsibility, etc. Edited by Shilpi & Deepti
260 ## - PUBLICATION, DISTRIBUTION, ETC.
Place of publication, distribution, etc. Kuala Lampur :
Name of publisher, distributor, etc. Scholar's Publications,
Date of publication, distribution, etc. 2006.
300 ## - PHYSICAL DESCRIPTION
Extent 16 pages :
Other physical details color illustrations ;
Dimensions 28 cm
505 ## - FORMATTED CONTENTS NOTE
Formatted contents note G<br/>
520 ## - SUMMARY, ETC.
Summary, etc. This is a classic folk tale about a kind-hearted young man named Simpleton, who is often mocked by his older brothers and the people around him. One day, Simpleton shares his food with a hungry old man, who rewards him with a magical golden goose.<br/><br/>When people see the goose's golden feathers, they become greedy and try to steal it—only to find themselves magically stuck to the bird and to each other. As Simpleton walks through the village, he unknowingly collects a long line of people stuck together behind the goose.<br/><br/>Later, a princess who never smiles sees the ridiculous parade and bursts into laughter. This delights the king, and as a reward, Simpleton is allowed to marry the princess. His kindness and simplicity bring him good fortune and happiness in the end.
521 8# - TARGET AUDIENCE NOTE
Target audience note 380<br/>
Source Lexile estimate<br/>
521 8# - TARGET AUDIENCE NOTE
Target audience note G<br/>
Source Raz-Plus<br/>
650 ## - SUBJECT ADDED ENTRY--TOPICAL TERM
Topical term or geographic name entry element Kindness
Form subdivision Fairy Tale
General subdivision Greed
Chronological subdivision Generosity
700 ## - ADDED ENTRY--PERSONAL NAME
Personal name Deepti
Relator term Editor
942 ## - ADDED ENTRY ELEMENTS (KOHA)
Source of classification or shelving scheme Dewey Decimal Classification
Koha item type Books
Suppress in OPAC No
Holdings
Withdrawn status Lost status Source of classification or shelving scheme Damaged status Not for loan Collection Home library Current library Shelving location Date acquired Total Checkouts Full call number Barcode Date last seen Copy number Price effective from Koha item type
    Dewey Decimal Classification     Juvenile Fiction Footprints International School Library Network Toul Kork Campus Footprints International School Library Network Toul Kork Campus TK Primary Library Room(4th Floor), Bookcase 1&2, Shelves 1-16, Dark Blue Books 07/11/2025   SHI 398.2 PZ7 2025-1826 07/11/2025 1 07/11/2025 Books